Pro Steps of Physical Education/ (Record no. 210310)

MARC details
000 -LEADER
fixed length control field 00700nam a22002177a 4500
005 - DATE AND TIME OF LATEST TRANSACTION
control field 20250317122158.0
010 ## - LCCN (DPL NO)
LC control number ENG-144084
020 ## - INTERNATIONAL STANDARD BOOK NUMBER
International Standard Book Number 9788119337446
Terms of availability 260.00
035 ## - SYSTEM CONTROL NUMBER
System control number EN-127616
037 ## - SOURCE OF ACQUISITION
Source of stock number/acquisition DBAD
082 ## - DEWEY DECIMAL CLASSIFICATION NUMBER
Classification number 796.06
100 ## - MAIN ENTRY--PERSONAL NAME
Personal name Ali, B.Akbar
245 ## - TITLE STATEMENT
Title Pro Steps of Physical Education/
Statement of responsibility, etc B.Akbar Ali [and] T. Murugesan
250 ## - EDITION STATEMENT
Edition statement 1
260 ## - PUBLICATION, DISTRIBUTION, ETC. (IMPRINT)
Place of publication, distribution, etc Tamil Nadu
Name of publisher, distributor, etc Shanlax Publications
Date of publication, distribution, etc 2023
270 ## - ADDRESS
Address 61, 66 T.P.K. Main Road Vasantha Nagar Madurai
City Tamil Nadu
Postal code 625003
Telephone number 7639303383
Electronic mail address publisher@Shanlaxpublication.com
300 ## - PHYSICAL DESCRIPTION
Extent 96p.
Dimensions 24cm(pb)
700 ## - ADDED ENTRY--PERSONAL NAME
Personal name Murugesan, T.
Relator term Compiler
9 (RLIN) 79657
760 ## - MAIN SERIES ENTRY
Edition 1
942 ## - ADDED ENTRY ELEMENTS (KOHA)
Source of classification or shelving scheme Dewey Decimal Classification
Item type English Books
Classification part 796.06
Call number suffix ALI
Edition 1
Holdings
Withdrawn status Lost status Not for loan Collection code Home library Current library Date acquired Source of acquisition Cost, normal purchase price Full call number Barcode Copy number Cost, replacement price Koha item type
      Non-fiction Janak Puri Janak Puri 17/03/2025 DBAD 260.00 796.06 ALI EN-127616 1 260.00 English Books

© Delhi Public Library
Hit Counter
free hit counter